MESTSKÁ KNIŽNICA GIRALTOVCE  - online katalóg 

Oxford Essential Dictionary (Record no. 21300)

000 -NÁVESTIE
fixed length control field 00335nam a2200133 4500
008 - ÚDAJE S PEVNOU DĹŽKOU – VŠEOBECNÉ INFORMÁCIE
fixed length control field 170216s2006||||GB d
020 ## - MEDZINÁRODNÉ ŠTANDARDNÉ ČÍSLO KNIHY (ISBN)
Údaje o dostupnosti 0
Medzinárodné štandardné číslo knihy (ISBN) 978-0-19-431722-1
044 ## - KÓD KRAJINY VYDAVATEĽA/PRODUCENTA
Kód krajiny MARC GB
245 10 - NÁZOV
Názov Oxford Essential Dictionary
250 ## - ÚDAJ O PORADÍ VYDANIA
Údaj o poradí vydania 1. vydanie
260 ## - VYDAVATEĽSKÉ ÚDAJE, DISTRIBÚCIA ATĎ.
Názov vydavateľa, distibútora atď. Oxford University Press
Dátum publikovania, distribúcie atď. 2006
Miesto publikovania, distribúcie atď. Oxford
300 ## - FYZICKÝ POPIS
Rozsah 488 s.
958 ## - Formálny deskriptor
Formálny deskriptor APR
Holdings
Stav stiahnutia (Blokovanie) (Withrawn status) Stav straty Stav poškodenia (Damaged status) Nie pre výpožičky (Not for loan) Spôsob nadobudnutia (Collection code) Trvalé umiestnenie Aktuálne umiestnenie Dátum nadobudnutia Inventárne číslo (prírastkové číslo) Full call number Dátum posledného výskytu Cena s účinnosťou od Typ jednotky Koha
        Kúpa Mestská knižnica Giraltovce Mestská knižnica Giraltovce 2017-02-16 19621 I1684 2019-12-12 2019-12-12 Odborná literatúra pre dospelých

Powered by Koha